[Event "Challenge"]
[Site "http://www.queenalice.com/game.php?id=123772"]
[Date "2006.10.31"]
[Round "-"]
[White "Lord"]
[Black "aircrash"]
[Result "0-1"]
[WhiteElo "1183"]
[BlackElo "1264"]

1. e4 d6 2. Bc4 Nf6 3. d3 c5 4. Nf3 a6 5. b3 d5 6. exd5 b5 7. d6 exd6 8. Bf4 d5
9. Qe2+ Be7 10. Bxb8 Rxb8 11. Ng5 bxc4 12. dxc4 Ng4 13. f3 Nf6 14. cxd5 Nxd5 15.
c4 Nb4 16. h4 O-O 17. Qe5 Nc2+ 18. Kf2 Bb7 19. a4 Nxa1 20. Rd1 Qxd1 21. Qxe7
Qxb1 22. Qxc5 Nc2 23. Qa7 Qe1# 0-1

[Event "Challenge"]
[Site "http://www.queenalice.com/game.php?id=125605"]
[Date "2006.11.5"]
[Round "-"]
[White "Jorge"]
[Black "aircrash"]
[Result "0-1"]
[WhiteElo "1400"]
[BlackElo "1266"]

1. e4 e5 2. Bc4 Nf6 3. f3 b6 4. Ne2 a5 5. a4 d5 6. Bd3 dxe4 7. fxe4 Ng4 8. O-O
Qf6 9. h3 Qg5 10. hxg4 Qxg4 11. Rf3 Bc5+ 12. Kf1 h5 13. Bb5+ c6 14. Bc4 Ba6 15.
Bxf7+ Ke7 16. d4 exd4 17. Na3 Qh4 18. c4 dxc3 19. bxc3 Qh1# 0-1

[Event "Challenge"]
[Site "http://www.queenalice.com/game.php?id=125727"]
[Date "2006.11.5"]
[Round "-"]
[White "sanabas"]
[Black "aircrash"]
[Result "1-0"]
[WhiteElo "1397"]
[BlackElo "1280"]

1. e4 e5 2. Nf3 Qf6 3. d4 exd4 4. Nxd4 Bc5 5. Be3 Nc6 6. c3 Nh6 7. Nxc6 Qxc6 8.
Bxc5 Qxc5 9. b4 Qe5 10. f3 f5 11. Bd3 g5 12. O-O g4 13. exf5 gxf3 14. Re1 d6 15.
Rxe5+ dxe5 16. Qxf3 Rf8 17. Qh5+ Nf7 18. Qxh7 Bd7 19. Nd2 Rd8 20. Ne4 Nd6 21.
Nxd6+ cxd6 22. Qg6+ Ke7 23. Qg7+ Rf7 24. f6+ Ke6 25. Bc4+ d5 26. Bxd5+ Kxd5 27.
Qxf7+ Be6 28. Qxb7+ Kd6 29. Qe7+ Kd5 30. Qxd8+ Ke4 31. Re1+ Kf5 32. Qd3+ e4 33.
Qxe4+ Kxf6 34. Qxe6+ Kg5 35. Re5+ 1-0

[Event "AUTO-BEG-41"]
[Site "http://www.queenalice.com/game.php?id=131048"]
[Date "2006.11.18"]
[Round "1"]
[White "aircrash"]
[Black "prof_zeco"]
[Result "0-1"]
[WhiteElo "1281"]
[BlackElo "1265"]

1. e3 d5 2. Nf3 Nf6 3. Nd4 e5 4. Nf3 e4 5. Nd4 Bc5 6. b3 O-O 7. Rg1 Qd6 8. Nf5
Bxf5 9. Ba3 Bxa3 10. g4 Bb2 11. gxf5 Bxa1 12. c3 Nc6 13. Qc1 d4 14. Na3 dxc3 15.
dxc3 Rad8 16. Nc4 Qd5 17. f3 b5 18. Nd2 Rfe8 19. fxe4 Nxe4 20. Bg2 Qxd2+ 21.
Qxd2 Rxd2 22. Bxe4 Bxc3 23. Bxc6 Rxe3+ 24. Kf1 Rxa2 25. Rg3 Re1# 0-1

[Event "AUTO-BEG-41"]
[Site "http://www.queenalice.com/game.php?id=131052"]
[Date "2006.11.18"]
[Round "1"]
[White "aircrash"]
[Black "COMPUTADORA"]
[Result "0-1"]
[WhiteElo "1333"]
[BlackElo "1481"]

1. e3 d5 2. Qf3 Nf6 3. e4 dxe4 4. Qd1 Bg4 5. f3 exf3 6. gxf3 Bh5 7. d4 Nc6 8.
Ne2 Bxf3 9. Rg1 Bxe2 10. Bxe2 Qxd4 11. Kf1 Qxd1+ 12. Bxd1 O-O-O 13. Kg2 g6 14.
Nc3 h5 15. Bf4 Bh6 16. Bxh6 Rxh6 17. Rf1 Rh7 18. Na4 Nd5 19. c4 Ne3+ 20. Kf2
Nxf1 21. Kxf1 Rd2 22. b3 f5 23. Ke1 Rxh2 24. Rc1 e5 25. Nc5 Rxa2 26. Rc2 Rxc2
27. Bxc2 h4 28. Nd3 h3 29. Nf2 Nd4 30. Bd1 g5 31. Bc2 Nxc2+ 32. Kd1 Nd4 33. b4
g4 34. c5 g3 35. Nxh3 Rxh3 36. Kd2 g2 0-1

[Event "AUTO-BEG-41"]
[Site "http://www.queenalice.com/game.php?id=131053"]
[Date "2006.11.18"]
[Round "1"]
[White "COMPUTADORA"]
[Black "aircrash"]
[Result "1-0"]
[WhiteElo "1352"]
[BlackElo "1313"]

1. e4 e6 2. d4 d5 3. exd5 exd5 4. Bb5+ c6 5. Bd3 Qf6 6. Nf3 Ne7 7. O-O Ng6 8.
Re1+ Kd8 9. Bg5 Qxg5 10. Nxg5 Bb4 11. c3 Be7 12. Nxf7+ Ke8 13. Nxh8 Kf8 14. Bxg6
hxg6 15. Nxg6+ Kf7 16. Nxe7 Be6 17. Rxe6 Kxe6 18. Qe2+ Kf7 19. Nd2 Nd7 20. Re1
Re8 21. Qh5+ g6 22. Qxg6+ Kf8 23. Qg8# 1-0

[Event "AUTO-BEG-52"]
[Site "http://www.queenalice.com/game.php?id=145283"]
[Date "2006.12.23"]
[Round "1"]
[White "nas"]
[Black "aircrash"]
[Result "1-0"]
[WhiteElo "1041"]
[BlackElo "1318"]

1. e4 e6 2. d4 Qf6 3. Nf3 c5 4. Be2 g5 5. Bxg5 Qg6 6. O-O Qxe4 7. Nc3 Qg6 8. d5
Nf6 9. d6 Rg8 10. g3 Nd5 11. Nxd5 exd5 12. Qxd5 Qxc2 13. Bd3 Qxb2 14. Rfe1+ Be7
15. Rxe7+ Kf8 16. Qxf7# 1-0

[Event "AUTO-BEG-52"]
[Site "http://www.queenalice.com/game.php?id=145284"]
[Date "2006.12.23"]
[Round "1"]
[White "aircrash"]
[Black "nas"]
[Result "0-1"]
[WhiteElo "1318"]
[BlackElo "1121"]

1. e3 e5 2. Qf3 Nf6 3. g4 d5 4. g5 Ne4 5. c4 Nxg5 6. Qh5 Be7 7. cxd5 Qxd5 8. f3
Qc6 9. Nc3 O-O 10. Bd3 Nd7 11. f4 Qxh1 12. Ne2 Qd5 13. Bb1 g6 14. Qh4 Nf3+ 15.
Nxf3 Bxh4+ 16. Nxh4 Qh1+ 17. Kf2 Qxh2+ 18. Ng2 exf4 19. exf4 Nc5 20. d4 Bh3 21.
dxc5 Qxg2+ 22. Ke1 Rad8 23. b4 Qf1# 0-1

[Event "AUTO-BEG-52"]
[Site "http://www.queenalice.com/game.php?id=145299"]
[Date "2006.12.23"]
[Round "1"]
[White "oleonearm"]
[Black "aircrash"]
[Result "1-0"]
[WhiteElo "1226"]
[BlackElo "1318"]

1. e4 e6 2. Nc3 Qf6 3. d4 c5 4. dxc5 Bxc5 5. f3 d5 6. exd5 e5 7. Bd3 Bg4 8. Nh3
Na6 9. Bg5 Qb6 10. fxg4 Qxb2 11. Bd2 Qb6 12. Bxa6 Qxa6 13. Qe2 Qf6 14. Bg5 Qb6
15. Na4 Qb4+ 16. Qd2 Qxa4 17. Rf1 Nf6 18. Bxf6 gxf6 19. Rb1 Rc8 20. Rxf6 Qxg4
21. Rxb7 Qd4 22. Rfxf7 Rf8 23. Ng5 Rd8 24. Qa5 Rxd5 25. Qb5+ Kd8 26. Rb8# 1-0

[Event "AUTO-BEG-52"]
[Site "http://www.queenalice.com/game.php?id=145300"]
[Date "2006.12.23"]
[Round "1"]
[White "aircrash"]
[Black "oleonearm"]
[Result "1-0"]
[WhiteElo "1298"]
[BlackElo "1285"]

1. e3 d5 2. Qf3 e5 3. c4 c6 4. Nh3 Be7 5. cxd5 cxd5 6. d4 exd4 7. exd4 Nc6 8.
Nc3 Be6 9. Nf4 Bb4 10. Nxe6 fxe6 11. a3 Bxc3+ 12. bxc3 Qf6 13. Qg3 Nge7 14. c4
Nxd4 15. Bg5 Qf8 16. cxd5 exd5 17. Qg4 Qf5 18. Qh4 Nc2+ 19. Kd2 Nxa1 20. Bxe7
Nb3+ 21. Kc3 Rc8+ 22. Kxb3 Qb1+ 23. Ka4 Qc2+ 24. Ka5 Qc3+ 25. Bb4 Qc7+ 26. Ka4
b5+ 27. Bxb5+ Kf7 28. Qh5+ g6 29. Qxd5+ Kg7 30. Qd4+ Kh6 31. Bd2+ g5 32. Rc1
Qxh2 33. Rc6+ Kh5 34. Be2+ g4 35. Qxg4# 1-0

[Event "AUTO-INT-320"]
[Site "http://www.queenalice.com/game.php?id=157726"]
[Date "2007.1.22"]
[Round "1"]
[White "OrlandoRochaFilho"]
[Black "aircrash"]
[Result "1-0"]
[WhiteElo "2034"]
[BlackElo "1340"]

1. b3 d6 2. Bb2 Nf6 3. e3 Qd7 4. g3 g5 5. Bg2 b6 6. Bxa8 Ba6 7. Bg2 Qb5 8. Nc3
Qd7 9. Nge2 Bg7 10. O-O c5 11. Re1 b5 12. Ne4 b4 13. Nxf6+ exf6 14. a3 bxa3 15.
Rxa3 O-O 16. Qa1 d5 17. Rxa6 Nxa6 18. Qxa6 f5 19. Bxg7 Kxg7 20. Ra1 Re8 21. Qxa7
Qe7 22. Bxd5 h5 23. d4 cxd4 24. Nxd4 f4 25. Nf5+ Kf6 26. Nxe7 Rxe7 27. Ra6+ Ke5
28. Qd4+ Kf5 29. Rf6+ Kg4 30. f3+ Kh3 31. Qd2 fxg3 32. Qg2+ Kh4 33. Qxg3# 1-0

[Event "AUTO-INT-320"]
[Site "http://www.queenalice.com/game.php?id=157727"]
[Date "2007.1.22"]
[Round "1"]
[White "aircrash"]
[Black "OrlandoRochaFilho"]
[Result "0-1"]
[WhiteElo "1342"]
[BlackElo "1945"]

1. e3 Nf6 2. Nh3 g6 3. Ng5 Bg7 4. Qf3 d6 5. c4 O-O 6. Nc3 Nc6 7. g4 Bxg4 8. Qg3
Ne5 9. h3 Bf5 10. e4 Bd7 11. b3 Nh5 12. Qh2 h6 13. h4 hxg5 14. hxg5 Nf3+ 15. Ke2
Nxh2 16. Rxh2 Bg4+ 17. f3 Be6 18. Bh3 Nf4+ 19. Ke3 Nxh3 20. f4 c5 21. Bb2 Bd4+
22. Kf3 f6 23. gxf6 Rxf6 24. Rah1 Rxf4+ 25. Kg3 Qf8 26. Ne2 Rg4+ 27. Kxh3 Qh6#
0-1

[Event "AUTO-INT-320"]
[Site "http://www.queenalice.com/game.php?id=157742"]
[Date "2007.1.22"]
[Round "1"]
[White "aircrash"]
[Black "casacudoman"]
[Result "0-1"]
[WhiteElo "1363"]
[BlackElo "1548"]

1. e3 d5 2. Qf3 e5 3. d3 Nf6 4. d4 Bb4+ 5. c3 Bd6 6. dxe5 Bxe5 7. g4 Bxg4 8. h4
Bxf3 9. Nxf3 Nbd7 10. Nxe5 Nxe5 11. b4 b5 12. f4 Nc6 13. Bxb5 Qd7 14. O-O Qg4+
15. Kf2 Ne4+ 16. Ke1 Qxh4+ 17. Kd1 Kd7 18. Nd2 Nxc3+ 19. Kc2 Nxb5 20. e4 Ncd4+
21. Kd1 Nc3# 0-1

[Event "AUTO-INT-320"]
[Site "http://www.queenalice.com/game.php?id=157743"]
[Date "2007.1.22"]
[Round "1"]
[White "casacudoman"]
[Black "aircrash"]
[Result "1-0"]
[WhiteElo "1575"]
[BlackElo "1354"]

1. d4 e6 2. Nf3 Qf6 3. Bg5 Qf5 4. c3 h6 5. Bd2 g5 6. e3 a5 7. Bc4 g4 8. Ne5 Bd6
9. f3 g3 10. f4 gxh2 11. Qf3 f6 12. e4 Qh7 13. Qh5+ Ke7 14. Ng6+ Kd8 15. Rxh2 c6
16. Nxh8 b5 17. Nf7+ Ke7 18. Nxh6 bxc4 19. Nf5+ Qxf5 20. exf5 exf5 21. Qxf5 Ra6
22. Rh8 Kf7 23. Qh7+ Ke6 24. Qxg8+ Kf5 25. Rh5+ Ke4 26. Qh7+ f5 27. Qxf5# 1-0

[Event "AUTO-INT-320"]
[Site "http://www.queenalice.com/game.php?id=157744"]
[Date "2007.1.22"]
[Round "1"]
[White "aircrash"]
[Black "J_Ricardo"]
[Result "1-0"]
[WhiteElo "1338"]
[BlackElo "1565"]

1. e3 e5 2. Qf3 Be7 3. Bc4 f6 4. g4 h6 5. Qd5 d6 6. Qf7+ Kd7 7. Qxg7 b6 8. Qxh8
Bb7 9. f3 Nc6 10. f4 exf4 11. exf4 Nb4 12. Kd1 Be4 13. h4 Nxc2 14. Ke2 Nxa1 15.
Bd3 Bxh1 16. g5 hxg5 17. hxg5 fxg5 18. Qxh1 gxf4 19. Bb5+ c6 20. Bxc6+ Kc7 21.
Bxa8 Bf6 22. Qb7# 1-0

[Event "AUTO-INT-320"]
[Site "http://www.queenalice.com/game.php?id=157745"]
[Date "2007.1.22"]
[Round "1"]
[White "J_Ricardo"]
[Black "aircrash"]
[Result "1-0"]
[WhiteElo "1585"]
[BlackElo "1339"]

1. e4 e6 2. d3 Qf6 3. Nf3 e5 4. Bg5 Qb6 5. b3 c6 6. Nxe5 f6 7. Bxf6 gxf6 8. Nf3
Nh6 9. h3 Bg7 10. Na3 d5 11. c3 f5 12. exf5 Nxf5 13. Qe2+ Kf7 14. d4 Nd7 15. Qd2
Re8+ 16. Be2 c5 17. Ng5+ Kg6 18. O-O cxd4 19. cxd4 Nxd4 20. Bd3+ Nf5 21. Nc2 Bh6
22. Rae1 Bxg5 23. Qc3 Nc5 24. Rxe8 Nxd3 25. Qxd3 Qa6 26. Qxd5 Qc6 27. Qg8+ Ng7
28. Nd4 Qd7 29. Ne6 a5 30. Rd8 Qxe6 31. Qxe6+ Nxe6 32. Rg8+ Kh6 33. g4 Nc7 34.
Rd1 Be6 35. Rxa8 Nxa8 36. Rd6 Nc7 37. Rb6 Nd5 38. Rxe6+ Bf6 39. Rd6 Nb4 40.
Rxf6+ Kg7 41. Rf3 Nxa2 42. Rf4 b5 43. Kg2 Nc1 44. Kg3 Nxb3 45. Kh4 a4 46. Rb4
1-0